000 nam a22 7a 4500
999 _c329458
_d329458
003 Nust
005 20170508130808.0
008 170508b xxu||||| |||| 00| 0 eng d
040 _c0
082 _a305.42 NAI
100 _4Dr. Naima Tabassum
245 _aWomen in Pakistan
_bStatus in socio-cultural politico-legal Domains (Text Book)
_cDr. Naima Tabassum
260 _aIslamabad
_bHigher education commission
_c2016
300 _a276p
942 _2ddc
_cBK